| 000 | 00424pab a2200157 454500 | ||
|---|---|---|---|
| 008 | 180718b1995 xxu||||| |||| 00| 0 eng d | ||
| 100 | _aBayne, Nicholas | ||
| 245 | _aThe G7 Summit and the reform of global institutions | ||
| 260 | _c1995 | ||
| 300 | _ap.492-509 | ||
| 362 | _aAutumn | ||
| 650 | _aInternational economic systems | ||
| 650 | _aInternational trade | ||
| 773 | _aGovernment and Opposition | ||
| 909 | _a30303 | ||
| 999 |
_c30303 _d30303 |
||